=LDR 00000nam 2200000 4500 =001 INLIS000000000010218 =005 20130612101924 =008 ***********************************Ind** =035 ##$$0010-061300000010218 =041 ##$$a Ind =082 ##$$a F Rom D =090 ##$$a F Rom D, Res n =100 ##$$a Lestari, V =245 ##$$a Nilai sebuah cinta, V. Lestari =260 ##$$a 2002 $b Jakarta =300 ##$$a 592 hlm, 18 cm =650 ##$$a Fiksi Dewasa =850 ##$$a NBPNMAT